Mäkká aktívna spájka a jej použitie

Bibliographic Details
Corporate Author: Slovenská technická univerzita v Bratislave (Patent holder)
Other Authors: Koleňák, Roman, 1973- (Originator)
Format: Book
Language:Slovak
PhysicalDescription:4 s. 30 cm
Published: [Banská Bystrica] Úrad priemyselného vlastníctva SR [2017]
Subjects:

MARC

LEADER 00000cam a2200000 a 4500
001 vtls011714607
003 SK-MaSNL
005 20260331210249.0
008 251120s2017 xo f j f000 0 slo
013 |a 288500  |b xo  |c patent  |d 20170807  |e dátum sprístupnenia patentu 
013 |a 5011-2016  |e číslo prihlášky  |d 20160428  |e dátum podania prihlášky  |d 20160905  |e dátum zverejnenia prihlášky (Vestník ÚPV SR č.: 09/2016) 
015 |a SNBN2017 
040 |a SNK  |b slo  |c SNK  |e AACR2 
041 0 |a slo 
044 |a xo  |c SK 
072 7 |a 621  |x Strojárstvo  |2 konspekt 
080 |a 621.791.35  |2 2011 
084 |a B23K 35/00  |2 IPC 
084 |a B23K 1/00  |2 IPC 
084 |a C22C 18/00  |2 IPC 
084 |a C22C 23/00 
100 1 |a Koleňák, Roman,  |d 1973-  |4 org  |9 189380 
245 1 0 |a Mäkká aktívna spájka a jej použitie  |c Roman Koleňák ; patent. zást. Štefan Kováčik 
260 |a [Banská Bystrica]  |b Úrad priemyselného vlastníctva SR  |c [2017] 
300 |a 4 s.  |c 30 cm 
650 0 7 |a bezolovnaté spájkovanie  |2 SNKPH  |9 663205 
650 0 7 |a Lead-free soldering  |2 SNKPHeng  |9 663206 
655 7 |a patenty  |2 SNKPH  |9 177343 
655 7 |a patent licenses  |2 SNKPHeng  |9 303430 
700 1 |a Kováčik, Štefan  |4 oth  |9 11788 
710 2 |a Slovenská technická univerzita v Bratislave  |4 pth  |9 239337 
852 |a Štátna vedecká knižnica v Banskej Bystrici 
999 |c 1024809  |d 1026739 
952 |a SNK  |b SNK  |y PREZ  |7 0  |p 17A1274637  |o snkSK 288500  |i snk2017/25329  |8 0  |0 0  |1 0  |4 0  |d 2017-11-16  |l 0  |r 2026-02-24 13:35:43  |w 2026-02-24